| 000 | 00936nac a22002411u 4500 | ||
|---|---|---|---|
| 010 | _a 2001131511 | ||
| 020 | _a0618144315 | ||
| 082 | 0 | 0 |
_a320.473 _bJAN |
| 090 |
_c5759 _d5759 |
||
| 100 | _aJanda, Kenneth. | ||
| 245 | 1 | 4 |
_aThe challenge of democracy : _bgovernment in America / _cKenneth Janda, Jeffrey M. Berry, Jerry Goldman. |
| 250 | _a7th ed. | ||
| 260 |
_aBoston : _bHoughton Mifflin,c2002. _cc2002. |
||
| 300 |
_axxiii, 671, A1-98 p. : _bill. (some col.) ; _c26 cm. |
||
| 500 | _aDistributer : Al-Ahram. | ||
| 504 | _aIncludes bibliographical references (p. A35-65) and indexes. | ||
| 511 | _aCatalogued By : Mahitab. | ||
| 651 | 0 |
_aUnited States _xPolitics and government. |
|
| 700 | 1 |
_aBerry, Jeffrey M., _d1948- |
|
| 700 | 1 | _aGoldman, Jerry. | |
| 942 |
_cBB _k320.473JAN |
||
| 999 |
_c5759 _d5759 |
||